Statistiques concernant Personnages de jeux-vidéo en images - B

Cliquez ici pour prendre le quiz!

Statistiques générales

  • Ce quiz a été pris 204 fois
  • Le résultat moyen est 5 sur 16

Statistiques - réponses

Réponse% Correct
Bowser
99%
Bayonetta
68%
Birdo
63%
Bomberman
63%
Banjo
61%
Beladonis
34%
Blanka
27%
Brimstone
27%
Bangalore
21%
Babil
20%
Byleth
19%
Beau Jack
14%
Baba
9%
Bödvar
7%
Bryan Fury
7%
Blupi
1%

Distribution des résultats

Percentile par nombre de réponses

% des personnes avec chaque résultat

Votre développement - résultats

Vous n’avez pas pris ce quiz